Normal view
MARC view
- علم الكلام- توحيد- الاسلام والفلسفة
Entry Topical Term
001 - CONTROL NUMBER
- control field: 11367
003 - CONTROL NUMBER IDENTIFIER
- control field: JO-AjAnu
005 - DATE AND TIME OF LATEST TRANSACTION
- control field: 20230606072126.0
008 - FIXED-LENGTH DATA ELEMENTS
- fixed length control field: 230606|| aca||aabn | a|a d
040 ## - CATALOGING SOURCE
- Original cataloging agency: JO-AjAnu
- Transcribing agency: JO-AjAnu
150 ## - HEADING--TOPICAL TERM
- Topical term or geographic name entry element: علم الكلام- توحيد- الاسلام والفلسفة
670 ## - SOURCE DATA FOUND
- Source citation: Work cat.: (JO-AjAnu)5856: فودة، سعيد عبد اللطيف, author 11366, موقف ابن رشد الفلسفي من علم الكلام وأثره في الإتجاهات الفكرية الحديثة ( دراسة تحليلية نقدية)